Sports Quiz

Random Sports Quiz

Cycling Team Based on Rider-HARD Quiz Stats

 Plays Quiz not verified by Sporcle

Support Sporcle.
Go Orange.
Score 0/30 Timer 05:00
0 Plays Today
Cyclists Team % Correct
Jos Van Emden, Laurens Ten DamRabobank
77.8%
Remi Di Gregorio, Andriy GrivkoAstana Cycling Team
73.2%
Christian Knees, Alex DowsettSky Professional Cycling Team
72.4%
Luca Paolini, Yury TrofimovKatusha Team
71.2%
Imanol Erviti, Benat IntxaustiMovistar Team
70.4%
Daniel Oss, Eros CapecchiLiquigas-Cannondale
69.8%
Gorka Verdugo, Egoi MartinezEuskaltel Euskadi
67.6%
Kevin Seeldrayers, Dario CataldoQuick Step Cycling Team
66%
Lieuwe Westra, Matteo CarraraVacansoleil-DCM
65.8%
Cyril Gautier, Anthony CharteauEuropcar
65.6%
Lloyd Mondory, Hubert DupontAG2R-La Mondiale
64.2%
Yoann Offredo, Dominique RollinFrancaise des Jeux
63%
Nick Nuyens, Baden CookeSaxo Bank-Sungard
62.8%
Marco Marzano, Danilo HondoLampre-ISD
61.8%
Jan Bakelants, Frederik WillemsOmega Pharma Lotto
59%
Cyclists Team % Correct
Johann Tschopp, Danilo WyssBMC Racing Team
58.2%
Roger Hammond, Julian DeanTeam Garmin-Cervelo
58.2%
John Degenkolb, Leigh HowardHTC-Highroad
57%
Tiago Machado, Ivan RovnyTeam Radioshack
49.8%
Jerome Coppel, Jonathan HivertSaur-Sojasun
48.8%
Mickael Buffaz, Nicolas VogondyCofidis, le Credit en Ligne
44.8%
Brice Feillu, Anders LundLeopard-Trek
37.4%
Simon Geschke, Roger KlugeSkil-Shimano
33.8%
Roberto Ferrari, Angel ViciosoAndroni Giocattoli
33.4%
Oscar Gatto, Luca MazzantiFarnese Vini-Neri Sottoli
33.4%
Fabio Duarte, David BlancoGeox-TMC
30.6%
Simone Stortoni, Manuel BellettiColnago-CSF Inox
30.4%
Kris Boeckmans, Steven Van VoorenTopsport Vlaanderen-Mercator
28.2%
Alessandro Proni, Carlos BetancourtAcqua & Sapone
23%
Paolo Bailetti, Michele MerloDe Rosa-Ceramica Flaminia
7.2%

You're not logged in!

Compare scores with friends on all Sporcle quizzes.
OR
Log In

From the Vault

Movies That Shouldn't be Shown on Planes

by Hejman

Sometimes, a movie just hits too close to the emergency exit.
Remove Ads.
Support Sporcle.
Get the best of Sporcle when you Go Orange. This ad-free experience offers more features, more stats, and more fun while also helping to support Sporcle. Thank you for becoming a member.

Show Comments

Extras

Created Feb 5, 2011ReportNominate
Tags:Cycling, Cycling Team, Cyclist, team

Top Quizzes Today


Score Distribution

Your Account Isn't Verified!

In order to create a playlist on Sporcle, you need to verify the email address you used during registration. Go to your Sporcle Settings to finish the process.

Report this User

Report this user for behavior that violates our Community Guidelines.

Details: